It's complicated : (Record no. 478669)

000 -LEADER
fixed length control field 01269cam a2200349 i 4500
001 - CONTROL NUMBER
control field 17854252
003 - CONTROL NUMBER IDENTIFIER
control field NUST
005 - DATE AND TIME OF LATEST TRANSACTION
control field 20180702104851.0
008 - FIXED-LENGTH DATA ELEMENTS--GENERAL INFORMATION
fixed length control field 130815s2014 ctu b 001 0 eng
010 ## - LIBRARY OF CONGRESS CONTROL NUMBER
LC control number 2013031950
020 ## - INTERNATIONAL STANDARD BOOK NUMBER
International Standard Book Number 9780300166316 (clothbound : alk. paper)
038 ## - RECORD CONTENT LICENSOR
Staff Name azhar
040 ## - CATALOGING SOURCE
Original cataloging agency DLC
Language of cataloging eng
Transcribing agency DLC
Description conventions rda
Modifying agency DLC
042 ## - AUTHENTICATION CODE
Authentication code pcc
050 00 - LIBRARY OF CONGRESS CALL NUMBER
Classification number HQ799.2.I5
Item number B68 2014
082 00 - DEWEY DECIMAL CLASSIFICATION NUMBER
Classification number 004.67/80835
Edition number 23
100 1# - MAIN ENTRY--PERSONAL NAME
Personal name boyd, danah
Fuller form of name (danah michele),
Dates associated with a name 1977-
9 (RLIN) 11371
245 10 - TITLE STATEMENT
Title It's complicated :
Remainder of title the social lives of networked teens /
Statement of responsibility, etc. Danah Boyd.
264 #1 - PRODUCTION, PUBLICATION, DISTRIBUTION, MANUFACTURE, AND COPYRIGHT NOTICE
Place of production, publication, distribution, manufacture New Haven :
Name of producer, publisher, distributor, manufacturer Yale University Press,
Date of production, publication, distribution, manufacture, or copyright notice [2014]
300 ## - PHYSICAL DESCRIPTION
Extent xi, 281 pages ;
Dimensions 22 cm
336 ## - CONTENT TYPE
Content type term text
Source rdacontent
337 ## - MEDIA TYPE
Media type term unmediated
Source rdamedia
338 ## - CARRIER TYPE
Carrier type term volume
Source rdacarrier
504 ## - BIBLIOGRAPHY, ETC. NOTE
Bibliography, etc. note Includes bibliographical references and index.
650 #0 - SUBJECT ADDED ENTRY--TOPICAL TERM
Topical term or geographic name entry element Internet and teenagers.
9 (RLIN) 11372
650 #0 - SUBJECT ADDED ENTRY--TOPICAL TERM
Topical term or geographic name entry element Online social networks.
9 (RLIN) 11373
650 #0 - SUBJECT ADDED ENTRY--TOPICAL TERM
Topical term or geographic name entry element Teenagers
General subdivision Social life and customs
Chronological subdivision 21st century.
9 (RLIN) 11374
650 #0 - SUBJECT ADDED ENTRY--TOPICAL TERM
Topical term or geographic name entry element Information technology
General subdivision Social aspects.
9 (RLIN) 11375
906 ## - LOCAL DATA ELEMENT F, LDF (RLIN)
a 7
b cbc
c orignew
d 1
e ecip
f 20
g y-gencatlg
942 ## - ADDED ENTRY ELEMENTS (KOHA)
Source of classification or shelving scheme
Koha item type Book
Holdings
Withdrawn status Lost status Source of classification or shelving scheme Damaged status Not for loan Collection code Permanent Location Current Location Shelving location Date acquired Total Checkouts Full call number Barcode Date last seen Date last checked out Price effective from Koha item type
            Central Library (CL) Central Library (CL) First Floor - Data Communication/Network/Architecture 07/02/2018 1 004.67/80835 BOY S3H-S-680 12/22/2023 10/30/2018 07/02/2018 Book
© 2023 Central Library, National University of Sciences and Technology. All Rights Reserved.